000 00897cab a2200193 4500
001 ABS67484
008 040302n2004 000 0 eng u
035 _a(Sirsi) u125298
110 _aCIC Public Sector Procurement Panel
_94590
245 _aHow to improve construction-based PFI
260 _c2004
490 _aCivil Engineering Surveyor
_v February 2004, 24-26(3)
520 _aPaper presented at a CIC Public Sector Procurement Panel seminar looked at ways in which the PFI process and the product can be improved. It includes an evaluation of the recent performance of PFI projects and summarises discussion sessions involving SMEs in PFI and ways to improve the design process. More details are available from the Panel's secretary Jobran Hammoud at [email protected].
590 _aABS
650 _aPFI PROJECTS
650 _aSMES
690 _aProcurement
_96260
942 _n0
999 _c74213
_d74213